The shocking world of electricity with maxaxiom super scientist

Bibliographic Details
Main Author: O'Donnell, Liam
Other Authors: Barnett III, Charles, Dominguez, Richard
Format: Book
Published: Subang Jaya : Bright Publications Sdn Bhd , 2020
Series:Bright graphic science series
Subjects:

MARC

LEADER 00000cam a2200000 7i4500
001 0000278272
005 20200910152105.0
020 |a 9789672260080 
090 0 0 |a JF   |b ODO 
100 1 |a O'Donnell, Liam 
245 1 4 |a The shocking world of electricity with maxaxiom super scientist   |c by Liam O'Donnell ; illustrated by Richard Dominguez and Charles Barnett III 
260 |a Subang Jaya :   |b Bright Publications Sdn Bhd ,   |c 2020 
300 |a 32p. :   |b ill. ;   |c 23cm. 
490 0 |a Bright graphic science series 
650 0 |a Comic books and teenagers 
650 0 |a Comic books, strips, etc 
650 0 |a Science   |v Comic books, stripe, etc. 
700 1 |a Barnett III, Charles 
700 1 |a Dominguez, Richard 
999 |a 00384829   |b BUKU   |c PINJAMAN   |e PERPUSTAKAAN KOMUNITI PETALING JAYA